[Event "C.to Provinciale BG"]
[Site "Bergamo ITA"]
[Date "2000.10.10"]
[Round "3"]
[White "Longo, Pietro"]
[Black "Mangili, Riccardo"]
[Result "0-1"]
[WhiteElo "1630"]
[BlackElo "1563"]
[PlyCount "90"]
[EventDate "2000.09.26"]

1. e4 e5 2. Nf3 Nc6 3. d4 exd4 4. Bc4 Bb4+ 5. c3 dxc3 6. Nxc3 d6 7. O-O Bxc3 8.
bxc3 Nf6 9. Bg5 O-O 10. Qc2 Be6 11. Bd3 h6 12. Bh4 Bg4 13. Nd4 Ne5 14. f4 Ng6
15. Be1 c5 16. Nb5 a6 17. Nxd6 Qxd6 18. e5 Nxe5 19. fxe5 Qxe5 20. Bd2 Be2 21.
Bxe2 Qxe2 22. Rae1 Qh5 23. Re7 b5 24. Rfe1 c4 25. h3 Qc5+ 26. Kh1 Rfe8 27. R1e5
Qd6 28. Rxe8+ Rxe8 29. Rxe8+ Nxe8 30. Qe4 Nf6 31. Qa8+ Kh7 32. Be3 Nh5 33. Kg1
Qg6 34. Qf3 Ng3 35. a3 Ne4 36. Bd4 Nd2 37. Qa8 Nb3 38. Be5 Nc5 39. Qf8 Ne6 40.
Qa8 f6 41. Qxa6 fxe5 42. Qxb5 Nf4 43. Qb7 Ne2+ 44. Kf2 Nxc3 45. Qf3 Qf6 0-1

[Event "C.to Provinciale BG"]
[Site "Bergamo ITA"]
[Date "2000.10.10"]
[Round "3"]
[White "Majo, Eduardo"]
[Black "Biava, Pierluigi"]
[Result "0-1"]
[WhiteElo "1477"]
[BlackElo "1588"]
[PlyCount "88"]
[EventDate "2000.09.26"]

1. d4 Nf6 2. h3 h6 3. Bf4 d6 4. g4 g5 5. Bh2 c5 6. Bg2 Qb6 7. Na3 cxd4 8. Nc4
Qb4+ 9. Nd2 Nc6 10. f4 gxf4 11. Bxf4 e5 12. Bh2 Be6 13. a3 Qb6 14. b4 Nd5 15.
Nc4 Qb5 16. Qd3 Nc3 17. Nxd6+ Bxd6 18. Qxb5 Nxb5 19. Nf3 Nc3 20. O-O Nxe2+ 21.
Kf2 Nc3 22. Rfe1 f6 23. Nd2 O-O-O 24. Bf1 b5 25. Ne4 Nxe4+ 26. Rxe4 a6 27. Rc1
Bc4 28. Bd3 Ne7 29. Re2 Nd5 30. Ra1 Nc3 31. Bf5+ Kc7 32. Ree1 Rhe8 33. Bg3 e4
34. Bh4 e3+ 35. Kg1 Be5 36. Bg6 Re7 37. Bd3 Bxd3 38. cxd3 Kd6 39. Rf1 Ke6 40.
Rf5 Ne2+ 41. Kh1 Ng3+ 42. Bxg3 Bxg3 43. Rc5 e2 44. Kg2 e1=Q 0-1

[Event "C.to Provinciale BG"]
[Site "Bergamo ITA"]
[Date "2000.10.10"]
[Round "3"]
[White "Mansueti, Marco"]
[Black "Asperti, Fabio"]
[Result "0-1"]
[WhiteElo "1506"]
[BlackElo "1546"]
[PlyCount "32"]
[EventDate "2000.09.26"]

1. Nf3 g6 2. e4 d6 3. d4 Bg7 4. Be3 Nf6 5. Nc3 O-O 6. h3 e5 7. dxe5 dxe5 8. Bc5
Re8 9. Qxd8 Rxd8 10. Nxe5 Nxe4 11. Nxe4 Bxe5 12. c3 b6 13. Be3 Bb7 14. f3 f5
15. Ng5 Bg3+ 16. Ke2 Ba6+ 0-1

[Event "C.to Provinciale BG"]
[Site "Bergamo ITA"]
[Date "2000.10.10"]
[Round "3"]
[White "Molteni, Costantino"]
[Black "Rota, Simone"]
[Result "0-1"]
[WhiteElo "1498"]
[BlackElo "1653"]
[PlyCount "114"]
[EventDate "2000.09.26"]

1. d4 d5 2. Nf3 Nf6 3. c4 c6 4. e3 e6 5. Nc3 Nbd7 6. Bd3 dxc4 7. Bxc4 b5 8. Bd3
a6 9. O-O Nd5 10. e4 Nxc3 11. bxc3 Bb7 12. Re1 Be7 13. Qe2 O-O 14. Bf4 Re8 15.
Ne5 Nxe5 16. Bxe5 f6 17. Bf4 c5 18. Be3 Qc7 19. Rac1 c4 20. Bb1 Ba3 21. Rcd1
Rad8 22. d5 e5 23. Bc1 Bc5 24. Be3 Ba3 25. Bc1 Bd6 26. a4 Ra8 27. Bc2 Reb8 28.
Bd2 Bc8 29. Rb1 Bd7 30. axb5 Bxb5 31. Ra1 a5 32. Reb1 Rb7 33. Ba4 Rab8 34. Bc2
Ba6 35. Qd1 Rxb1 36. Rxb1 Rxb1 37. Qxb1 Bc5 38. Ba4 Qb6 39. Qxb6 Bxb6 40. Bc1
Bc5 41. Kf1 g6 42. Ke2 Kf7 43. Be3 Bxe3 44. Kxe3 Ke7 45. g3 Kd6 46. f4 f5 47.
fxe5+ Kxe5 48. exf5 gxf5 49. Bc6 Bc8 50. Kf3 Kd6 51. Kf4 Bd7 52. Bxd7 Kxd7 53.
Ke5 a4 54. Kd4 a3 55. Kxc4 a2 56. Kc5 a1=Q 57. c4 Qa5+ 0-1

[Event "C.to Provinciale BG"]
[Site "Bergamo ITA"]
[Date "2000.10.10"]
[Round "3"]
[White "Nasoni, Paolo"]
[Black "Elitropi, Giorgio"]
[Result "1-0"]
[WhiteElo "1720"]
[BlackElo "1764"]
[PlyCount "88"]
[EventDate "2000.09.26"]

1. e4 e6 2. d4 d5 3. Nd2 Nf6 4. e5 Nfd7 5. Bd3 c5 6. c3 Nc6 7. Ne2 cxd4 8. cxd4
f6 9. exf6 Nxf6 10. Nf3 Bd6 11. O-O Qc7 12. Nc3 a6 13. Bg5 O-O 14. Bh4 g6 15.
Bg3 Bxg3 16. hxg3 Nh5 17. Re1 Qg7 18. Bf1 Bd7 19. Na4 Rae8 20. Nc5 Bc8 21. g4
Nf6 22. Ng5 Nd8 23. Rc1 h6 24. Nh3 Nf7 25. Nd3 Ne4 26. Ndf4 Nfg5 27. f3 Nxh3+
28. Nxh3 Nd6 29. Rc5 g5 30. Qd2 Qf6 31. Qe3 Kg7 32. Nf2 Qf4 33. Rc7+ Kg8 34.
Qd3 Rf7 35. Qg6+ Kf8 36. Qxh6+ Kg8 37. Qg6+ Kf8 38. Rec1 Qxd4 39. Qxg5 Qxb2 40.
Qh6+ Qg7 41. Rxf7+ Nxf7 42. Qd2 Kg8 43. Rc7 Qg5 44. Qc2 Kg7 1-0

[Event "C.to Provinciale BG"]
[Site "Bergamo ITA"]
[Date "2000.10.10"]
[Round "3"]
[White "Riggio, Mauro"]
[Black "Cambieri, Mario"]
[Result "1-0"]
[WhiteElo "1651"]
[BlackElo "1642"]
[PlyCount "59"]
[EventDate "2000.09.26"]

1. e4 e5 2. Nf3 Nc6 3. Bb5 a6 4. Bxc6 dxc6 5. O-O Bd6 6. h3 Ne7 7. d4 f6 8. Be3
O-O 9. Nbd2 Ng6 10. c4 exd4 11. Nxd4 f5 12. exf5 Bxf5 13. Qb3 Bf4 14. Nxf5 Rxf5
15. Nf3 Kh8 16. Qxb7 Rb8 17. Qxa6 Nh4 18. Nxh4 Qxh4 19. Ba7 Rbf8 20. Qxc6 Bd6
21. Rad1 Qf6 22. Qe4 Qxb2 23. c5 Bxc5 24. Bxc5 Rxc5 25. Qe7 Rcf5 26. Rd8 Qf6
27. Rxf8+ Qxf8 28. Qxc7 Rc5 29. Qb6 h6 30. a4 1-0

[Event "C.to Provinciale BG"]
[Site "Bergamo ITA"]
[Date "2000.10.10"]
[Round "3"]
[White "Rosti, Mario"]
[Black "Locatelli, Andrea"]
[Result "0-1"]
[WhiteElo "1425"]
[BlackElo "1542"]
[PlyCount "56"]
[EventDate "2000.09.26"]

1. e4 c5 2. Nf3 d6 3. d4 cxd4 4. Nxd4 Nf6 5. Nc3 a6 6. Bd3 e6 7. Bg5 Be7 8. O-O
Nbd7 9. f4 Qb6 10. Bc4 e5 11. Bh4 Qxd4+ 12. Kh1 Qxc4 13. fxe5 dxe5 14. Qf3 O-O
15. Rae1 b5 16. b3 Qc7 17. Qg3 Bb7 18. Bg5 Nh5 19. Qg4 Bxg5 20. Qxg5 Nf4 21.
Re3 Ne6 22. Qg4 Nb6 23. Ne2 Qe7 24. Rg3 f6 25. Rh3 Ng5 26. Qh4 Nxh3 27. Qxh3
Bxe4 28. Ng3 Bxc2 0-1

[Event "C.to Provinciale BG"]
[Site "Bergamo ITA"]
[Date "2000.10.10"]
[Round "3"]
[White "Stefanelli, Alfredo"]
[Black "Pirola, Andrea"]
[Result "0-1"]
[WhiteElo "1696"]
[BlackElo "1909"]
[PlyCount "69"]
[EventDate "2000.09.26"]

1. d4 f5 2. c4 Nf6 3. Nf3 d6 4. Nc3 g6 5. Bf4 Bg7 6. Qc1 O-O 7. Bh6 Re8 8. Bxg7
Kxg7 9. e3 e5 10. Be2 c5 11. d5 Na6 12. O-O Nc7 13. Rd1 e4 14. Nd2 Qe7 15. Nf1
Bd7 16. Qd2 Rab8 17. a4 a6 18. a5 b5 19. axb6 Rxb6 20. Na4 Bxa4 21. Rxa4 Reb8
22. Rb1 Qe5 23. Ra2 g5 24. Bd1 f4 25. b3 Qf5 26. Qc3 h5 27. Bc2 Kh6 28. f3 Rf8
29. fxe4 Nxe4 30. Qd3 fxe3 31. Nxe3 Qf2+ 32. Kh1 Rf4 33. Rf1 Qxe3 34. Rxf4 Qxf4
35. Bb1 0-1

[Event "C.to Provinciale BG"]
[Site "Bergamo ITA"]
[Date "2000.10.17"]
[Round "4"]
[White "Asperti, Fabio"]
[Black "Majo, Eduardo"]
[Result "1/2-1/2"]
[WhiteElo "1546"]
[BlackElo "1477"]
[PlyCount "96"]
[EventDate "2000.09.26"]

1. f4 Nf6 2. Nf3 d5 3. e3 g6 4. b3 Bh6 5. Bb2 O-O 6. h3 Ne4 7. Bd3 Ng3 8. Rg1
c5 9. Kf2 Ne4+ 10. Bxe4 dxe4 11. Ne5 Bg7 12. Nc4 b5 13. Bxg7 Kxg7 14. Nb2 a6
15. Nc3 Bb7 16. g4 Nd7 17. Qe2 f5 18. gxf5 Rxf5 19. Qg4 e6 20. Ke2 Nf6 21. Qg3
b4 22. Nca4 Qc7 23. Nc4 a5 24. Ke1 Nd7 25. Qh2 Raf8 26. h4 Rh5 27. Rg5 Rf5 28.
Qg3 Rhxg5 29. hxg5 Ba6 30. Nab2 e5 31. Nxe5 Nxe5 32. fxe5 Qxe5 33. Qxe5+ Rxe5
34. Kf2 Rxg5 35. Rg1 Rf5+ 36. Kg3 Be2 37. Rg2 Bf3 38. Rf2 g5 39. d3 g4 40. Nc4
exd3 41. cxd3 Rd5 42. Rd2 h5 43. Nxa5 Kg6 44. Nc4 Kg5 45. e4 Bxe4 46. dxe4 h4+
47. Kg2 Rd4 48. Rxd4 cxd4 1/2-1/2

[Event "C.to Provinciale BG"]
[Site "Bergamo ITA"]
[Date "2000.10.17"]
[Round "4"]
[White "Bassis, Ivano"]
[Black "Nasoni, Paolo"]
[Result "1/2-1/2"]
[WhiteElo "1639"]
[BlackElo "1720"]
[PlyCount "86"]
[EventDate "2000.09.26"]

1. Nf3 c5 2. e4 Nc6 3. d3 g6 4. g3 Bg7 5. Bg2 d6 6. O-O e5 7. Nbd2 Nge7 8. c3
O-O 9. a4 Rb8 10. Nc4 Be6 11. Ne3 h6 12. h4 Qd7 13. Nh2 f5 14. Nd5 Bxd5 15.
exd5 Nd8 16. f4 Nf7 17. Nf3 Nxd5 18. Qb3 Ne7 19. fxe5 dxe5 20. d4 cxd4 21. cxd4
e4 22. Nh2 Qxd4+ 23. Be3 Qd5 24. Qxd5 Nxd5 25. Bxa7 Rbc8 26. Rad1 Rfd8 27. Bd4
Ne5 28. g4 Nd3 29. Bxg7 Kxg7 30. gxf5 Ne3 31. Bxe4 Nxd1 32. Rxd1 Nxb2 33. Rxd8
Rxd8 34. fxg6 b6 35. Nf3 Nxa4 36. Kf2 Nc5 37. Bc2 Re8 38. Nd4 Rf8+ 39. Ke3 Kf6
40. h5 Ne6 41. Nxe6 Kxe6 42. g7 Re8 43. g8=Q+ Rxg8 1/2-1/2

[Event "C.to Provinciale BG"]
[Site "Bergamo ITA"]
[Date "2000.10.17"]
[Round "4"]
[White "Biava, Pierluigi"]
[Black "Carrara, Diego"]
[Result "1/2-1/2"]
[WhiteElo "1588"]
[BlackElo "1738"]
[PlyCount "39"]
[EventDate "2000.09.26"]

1. Nf3 Nf6 2. g3 g6 3. Bg2 Bg7 4. O-O O-O 5. d3 d5 6. c3 c5 7. Nbd2 Nc6 8. Qc2
e5 9. e4 d4 10. Nc4 Re8 11. a4 Qc7 12. Bd2 Be6 13. Na3 h6 14. Rfb1 Qd7 15. b4
dxc3 16. Bxc3 cxb4 17. Bxb4 Nxb4 18. Rxb4 Bf8 19. Rb5 Rac8 20. Qb2 1/2-1/2

[Event "C.to Provinciale BG"]
[Site "Bergamo ITA"]
[Date "2000.10.17"]
[Round "4"]
[White "Elsido, Massimo"]
[Black "Molteni, Costantino"]
[Result "0-1"]
[WhiteElo "1603"]
[BlackElo "1498"]
[PlyCount "110"]
[EventDate "2000.09.26"]

1. e4 Nf6 2. e5 Nd5 3. Nc3 Nxc3 4. bxc3 d6 5. Nf3 Bg4 6. Bc4 d5 7. Bb3 e6 8.
O-O Nd7 9. d4 c5 10. h3 Bh5 11. c4 dxc4 12. Bxc4 cxd4 13. g4 Bg6 14. Nxd4 Rc8
15. Bb5 a6 16. Bxd7+ Qxd7 17. Qe2 Qxd4 18. Be3 Qc4 19. Qf3 Bc5 20. Bxc5 Be4 21.
Qe3 Rxc5 22. Rfd1 Rd5 23. Qa3 Qc5 24. Qa4+ Qc6 25. Qb4 Rb5 26. Qa3 Bh1 27. Qg3
Bd5 28. c4 Bxc4 29. Rd6 Qc7 30. Rc1 Rc5 31. a4 Bd5 32. Re1 Rc1 33. Qe3 Rxe1+
34. Qxe1 O-O 35. h4 Rd8 36. Rxd8+ Qxd8 37. Qc3 Bc6 38. f3 Qd1+ 39. Kg2 Qxf3+
40. Qxf3 Bxf3+ 41. Kxf3 b5 42. axb5 axb5 43. Ke4 Kf8 44. Kd4 Ke7 45. Kc5 f6 46.
Kxb5 fxe5 47. Kc4 Kd6 48. Kd3 Kd5 49. Ke3 h6 50. Kd3 e4+ 51. Ke3 Ke5 52. h5 Kd5
53. Kf4 Kd4 54. g5 e3 55. Kf3 Kd3 0-1

[Event "C.to Provinciale BG"]
[Site "Bergamo ITA"]
[Date "2000.10.17"]
[Round "4"]
[White "Mansueti, Marco"]
[Black "Bertoletti, Vincenzo"]
[Result "0-1"]
[WhiteElo "1506"]
[BlackElo "1428"]
[PlyCount "98"]
[EventDate "2000.09.26"]

1. Nf3 Nf6 2. d3 d5 3. c3 e6 4. Nbd2 Bd6 5. e4 dxe4 6. dxe4 Nbd7 7. Nc4 Be7 8.
e5 Nd5 9. g3 O-O 10. Bg2 b5 11. Na5 Nb8 12. Nd4 c5 13. Nac6 Nxc6 14. Nxc6 Qc7
15. Nxe7+ Qxe7 16. a4 Rd8 17. Qb3 Rb8 18. c4 bxc4 19. Qxc4 Nb4 20. Be3 Nd3+ 21.
Kf1 Rb4 22. Qc3 Ba6 23. Kg1 c4 24. h4 Qc7 25. Kh2 Rb3 26. Qc2 Qxe5 27. Rab1
Rdb8 28. Qe2 g6 29. Rhd1 f5 30. f4 Qf6 31. Bxa7 Re8 32. Rd2 Qe7 33. Bd4 e5 34.
Bd5+ Kf8 35. fxe5 Nxe5 36. Kg2 Bb7 37. Bxe5 Bxd5+ 38. Rxd5 Qb7 39. Bd6+ Kf7 40.
Qxc4 Re2+ 41. Kf1 Re6 42. Qc7+ Qxc7 43. Bxc7 Re7 44. Be5 Ke6 45. Re1 Kxd5 46.
Bc3 Rc7 47. a5 Rc4 48. Re5+ Kd6 49. a6 Rc7 0-1

[Event "C.to Provinciale BG"]
[Site "Bergamo ITA"]
[Date "2000.10.17"]
[Round "4"]
[White "Pirola, Andrea"]
[Black "Del Monte, Jorge Luis"]
[Result "1/2-1/2"]
[WhiteElo "1909"]
[BlackElo "1878"]
[PlyCount "35"]
[EventDate "2000.09.26"]

1. d4 e6 2. Nf3 Nf6 3. Bg5 Be7 4. Nbd2 O-O 5. e3 c5 6. c3 cxd4 7. exd4 Nd5 8.
h4 f6 9. Be3 Qc7 10. Bd3 b6 11. Qc2 f5 12. Bg5 Bd6 13. Nc4 Ba6 14. Nxd6 Qxd6
15. Bxa6 Nxa6 16. Ne5 Rac8 17. Qe2 Nb8 18. h5 1/2-1/2

[Event "C.to Provinciale BG"]
[Site "Bergamo ITA"]
[Date "2000.10.17"]
[Round "4"]
[White "Ranfagni, Stefano"]
[Black "Rosti, Mario"]
[Result "1-0"]
[WhiteElo "1585"]
[BlackElo "1425"]
[PlyCount "71"]
[EventDate "2000.09.26"]

1. e4 c5 2. Nf3 e6 3. d4 cxd4 4. Nxd4 e5 5. Nf3 d6 6. Bc4 Bg4 7. O-O Qc7 8. Bb3
Nf6 9. Nc3 Be7 10. h3 Bxf3 11. Qxf3 O-O 12. Bg5 Nc6 13. Rad1 Nd4 14. Qd3 a6 15.
Bxf6 Bxf6 16. Nd5 Qd8 17. c3 Nb5 18. a4 Nc7 19. Nxf6+ Qxf6 20. Qxd6 Ne6 21.
Bxe6 fxe6 22. Qb6 Kh8 23. f3 h6 24. Rd6 Rae8 25. Qxb7 Rb8 26. Qxa6 Rxb2 27.
Rxe6 Qg5 28. Rg6 Qe3+ 29. Kh1 Qd2 30. Qa7 Rg8 31. Qc5 Qe2 32. Rg1 Rd2 33. Qxe5
Kh7 34. Qf5 Kh8 35. Qf4 Rc2 36. Rxh6+ 1-0

[Event "C.to Provinciale BG"]
[Site "Bergamo ITA"]
[Date "2000.10.17"]
[Round "4"]
[White "Rizzuti, Pasquale"]
[Black "Cordano, Roberto"]
[Result "1-0"]
[WhiteElo "1708"]
[BlackElo "1600"]
[PlyCount "94"]
[EventDate "2000.09.26"]

1. e4 c5 2. Nf3 d6 3. d4 cxd4 4. Nxd4 Nf6 5. Nc3 g6 6. Bc4 Bg7 7. Bb3 O-O 8. f3
Nc6 9. Be3 Bd7 10. Qd2 Re8 11. O-O-O Na5 12. g4 Nxb3+ 13. axb3 Qa5 14. Bh6 Bh8
15. Kb1 Rac8 16. h4 Bxg4 17. fxg4 Nxg4 18. Be3 h5 19. Rh3 a6 20. Rf1 Qb4 21.
Bg1 Rc7 22. Rhf3 e6 23. Rd3 Rec8 24. Qg5 Bg7 25. Na2 Qc5 26. Qxc5 dxc5 27. Nf3
c4 28. bxc4 Rxc4 29. c3 R8c7 30. Rd8+ Bf8 31. Ng5 Kg7 32. Bb6 Re7 33. b4 f6 34.
Bc5 Rxc5 35. bxc5 fxg5 36. Rdxf8 gxh4 37. Nb4 h3 38. Nd3 h2 39. R8f3 Rd7 40.
Kc2 Kh6 41. Rh1 Kg5 42. Rh3 Rxd3 43. Rxd3 Nf2 44. Rxh2 Nxd3 45. Kxd3 Kg4 46.
Rb2 h4 47. Rxb7 h3 1-0

[Event "C.to Provinciale BG"]
[Site "Bergamo ITA"]
[Date "2000.10.17"]
[Round "4"]
[White "Rota, Simone"]
[Black "Riggio, Mauro"]
[Result "1-0"]
[WhiteElo "1653"]
[BlackElo "1651"]
[PlyCount "97"]
[EventDate "2000.09.26"]

1. d4 d5 2. Nf3 c5 3. c3 e6 4. Bf4 Qb6 5. Qc2 Nc6 6. e3 Bd7 7. Nbd2 Nf6 8. Be2
Be7 9. h3 O-O 10. O-O Rac8 11. Qb3 Qa5 12. Ne5 Nxe5 13. dxe5 Ba4 14. Qxb7 Nd7
15. Qa6 Qxa6 16. Bxa6 Rc6 17. Be2 Rb6 18. b3 Bc6 19. Rfd1 a5 20. Bg3 a4 21.
Rdb1 Rfb8 22. Bd3 axb3 23. axb3 c4 24. bxc4 Rb2 25. cxd5 Bxd5 26. Rxb2 Rxb2 27.
Nc4 Rb3 28. Ra7 Bb7 29. Na5 Rxc3 30. Nxb7 Rxd3 31. Nd6 Nxe5 32. Bxe5 Rxd6 33.
Bxd6 Bxd6 34. Ra8+ Bf8 35. f4 f5 36. Kf2 Kf7 37. Kf3 Be7 38. Ra7 Kf6 39. e4
fxe4+ 40. Kxe4 h5 41. Ra5 g6 42. g4 hxg4 43. hxg4 Bb4 44. Rb5 Ba3 45. g5+ Kf7
46. Rb7+ Kf8 47. Ke5 Bc1 48. Kxe6 Bxf4 49. Kf6 1-0

[Event "C.to Provinciale BG"]
[Site "Bergamo ITA"]
[Date "2000.10.17"]
[Round "4"]
[White "Scarpellini, Felice"]
[Black "Stefanelli, Alfredo"]
[Result "0-1"]
[WhiteElo "1633"]
[BlackElo "1696"]
[PlyCount "70"]
[EventDate "2000.09.26"]

1. c4 e5 2. Nc3 Nc6 3. g3 Nf6 4. Bg2 Be7 5. Nf3 d5 6. cxd5 Nxd5 7. Nxe5 Nxc3 8.
Nxc6 Nxd1 9. Nxd8 Nxf2 10. Nxf7 Nd3+ 11. exd3 Kxf7 12. O-O+ Bf6 13. Rb1 Rd8 14.
Be4 Kg8 15. b3 Bh3 16. Rd1 Bg4 17. Rf1 Bd4+ 18. Kg2 Rf8 19. Ba3 c5 20. Rxf8+
Rxf8 21. Rc1 Rf2+ 22. Kh1 Rxd2 23. Bxc5 Bxc5 24. Rxc5 Bh3 25. Rc1 b6 26. a4 Kf7
27. Kg1 Kf6 28. Rc7 a5 29. Rc6+ Ke5 30. Rxb6 Kd4 31. Rc6 Ke3 32. Rc1 Rb2 33.
Bd5 Kxd3 34. Re1 Kd2 35. Re5 Rb1+ 0-1

[Event "C.to Provinciale BG"]
[Site "Bergamo ITA"]
[Date "2000.10.17"]
[Round "4"]
[White "Signorelli, Roberto"]
[Black "Longo, Pietro"]
[Result "0-1"]
[WhiteElo "1500"]
[BlackElo "1630"]
[PlyCount "68"]
[EventDate "2000.09.26"]

1. e4 c5 2. c3 Nf6 3. e5 Nd5 4. d4 cxd4 5. cxd4 Nc6 6. Nf3 d6 7. a3 g6 8. Bc4
Nb6 9. Bb5 Nd5 10. Qb3 e6 11. Bg5 Qa5+ 12. Nc3 Bd7 13. O-O Nxc3 14. bxc3 Bg7
15. exd6 O-O 16. Bxc6 Bxc6 17. Be7 Bd5 18. c4 Bxf3 19. Bxf8 Bxd4 20. Ra2 Bc6
21. Bh6 Qh5 22. Bf4 e5 23. Bg3 Rd8 24. Rd2 Rxd6 25. Rfd1 Qg4 26. Kh1 g5 27. f3
Qxg3 28. Rxd4 Rh6 29. Rd8+ Kg7 30. h3 Rxh3+ 31. Kg1 Bxf3 32. Qxf3 Qh2+ 33. Kf2
Rxf3+ 34. Kxf3 Qf4+ 0-1

[Event "C.to Provinciale BG"]
[Site "Bergamo ITA"]
[Date "2000.10.24"]
[Round "5"]
[White "Bertoletti, Vincenzo"]
[Black "Asperti, Fabio"]
[Result "0-1"]
[WhiteElo "1428"]
[BlackElo "1546"]
[PlyCount "78"]
[EventDate "2000.09.26"]

1. d4 g6 2. c4 Bg7 3. Nf3 d6 4. e3 Nf6 5. Be2 O-O 6. O-O Nc6 7. Nc3 e5 8. a3
Bg4 9. h3 Bf5 10. Ng5 e4 11. f3 Re8 12. fxe4 Nxe4 13. Ncxe4 Bxe4 14. Nxf7 Qe7
15. Bd3 Bxd3 16. Qxd3 Rf8 17. d5 Nb8 18. Bd2 Rxf7 19. Rxf7 Qxf7 20. Rf1 Qe7 21.
Bc3 Nd7 22. Qe2 Re8 23. Rf3 Bh6 24. Bd2 Qe4 25. b4 Ne5 26. c5 Nc4 27. cxd6 cxd6
28. Bc1 Bxe3+ 29. Bxe3 Nxe3 30. Qb5 Qe7 31. Rf6 Qe4 32. Rf3 Re7 33. Qa5 b6 34.
Qa6 Nf5 35. Qc8+ Kg7 36. Qc3+ Kh6 37. g4 Nd4 38. g5+ Kh5 39. Rf1 Ne2+ 0-1

[Event "C.to Provinciale BG"]
[Site "Bergamo ITA"]
[Date "2000.10.24"]
[Round "5"]
[White "Carrara, Diego"]
[Black "Elitropi, Giorgio"]
[Result "1/2-1/2"]
[WhiteElo "1738"]
[BlackElo "1764"]
[PlyCount "41"]
[EventDate "2000.09.26"]

1. Nf3 f5 2. g3 Nf6 3. Bg2 g6 4. O-O Bg7 5. c4 d6 6. Nc3 O-O 7. d4 c6 8. Re1
Na6 9. a3 Qc7 10. d5 Nc5 11. Nd2 e5 12. dxe6 Bxe6 13. Rb1 Qf7 14. b3 Ng4 15.
Bb2 f4 16. Nf3 fxg3 17. hxg3 Rad8 18. b4 Nxf2 19. Kxf2 Bxc3 20. bxc5 dxc5 21.
Qc2 1/2-1/2

[Event "C.to Provinciale BG"]
[Site "Bergamo ITA"]
[Date "2000.10.24"]
[Round "5"]
[White "Cattaneo, Dario"]
[Black "Signorelli, Roberto"]
[Result "1/2-1/2"]
[WhiteElo "1420"]
[BlackElo "1500"]
[PlyCount "133"]
[EventDate "2000.09.26"]

1. d4 d5 2. c4 Nc6 3. Nf3 Bg4 4. e3 Nf6 5. Be2 e6 6. a3 Be7 7. b4 dxc4 8. Bxc4
e5 9. Be2 O-O 10. O-O exd4 11. b5 d3 12. Bxd3 Bxf3 13. gxf3 Ne5 14. Bc2 Qc8 15.
Bb2 Nc4 16. Bxf6 Bxf6 17. Qd3 g6 18. Ra2 Ne5 19. Qe2 Qh3 20. Be4 c6 21. bxc6
Nxc6 22. f4 Rfd8 23. Bg2 Qe6 24. Rd2 Rxd2 25. Nxd2 Rd8 26. Ne4 Be7 27. Rb1 Qd7
28. Qc2 b6 29. Qb3 Qd3 30. Qb2 Qxa3 31. Nf6+ Kh8 32. Qxa3 Bxa3 33. Bxc6 Rd6 34.
Bd5 Rxf6 35. Ra1 Rd6 36. Bxf7 Bc5 37. Rxa7 Kg7 38. Bc4+ Kh8 39. Kg2 Rd8 40. Rb7
Rd2 41. Kf3 Rd8 42. h4 Re8 43. h5 Re7 44. Rb8+ Kg7 45. hxg6 hxg6 46. Kg4 Kf6
47. Bd3 Rd7 48. Bc4 Kg7 49. Rg8+ Kh6 50. Rh8+ Rh7 51. Rxh7+ Kxh7 52. Kg5 Be7+
53. Kg4 Kg7 54. e4 Bc5 55. f3 Be7 56. f5 Kf6 57. fxg6 Kxg6 58. f4 Bd6 59. e5
Be7 60. f5+ Kg7 61. Kf4 Bd8 62. Ke4 Be7 63. Kd5 Kf8 64. Ke6 Bc5 65. Kd7 Bd4 66.
Kd6 Bc5+ 67. Kd7 1/2-1/2

[Event "C.to Provinciale BG"]
[Site "Bergamo ITA"]
[Date "2000.10.24"]
[Round "5"]
[White "Cordano, Roberto"]
[Black "Cambieri, Mario"]
[Result "1/2-1/2"]
[WhiteElo "1600"]
[BlackElo "1642"]
[PlyCount "95"]
[EventDate "2000.09.26"]

1. e4 e5 2. Nf3 Nc6 3. d4 exd4 4. Bc4 d6 5. Nxd4 Nf6 6. Nc3 Be7 7. O-O O-O 8.
Nxc6 bxc6 9. Qe2 Be6 10. Rd1 Qc8 11. Bg5 h6 12. Bh4 Rb8 13. Ba6 Qe8 14. b3 Nd7
15. Bxe7 Qxe7 16. Bc4 Qf6 17. Bxe6 fxe6 18. Qe3 Ne5 19. f3 c5 20. a4 Nc6 21.
Nb5 Qe7 22. Rd2 a6 23. Nc3 Qf6 24. Rad1 Ne5 25. Na2 Nc6 26. Qd3 Qd4+ 27. Kh1
Qxd3 28. Rxd3 a5 29. Nc3 Nd4 30. R1d2 Rb7 31. Kg1 Rfb8 32. Kf2 e5 33. Ne2 Kf7
34. g3 Nxe2 35. Kxe2 Rb4 36. Rd5 Ke6 37. Ke3 Rd4 38. R5xd4 cxd4+ 39. Kd3 Rb4
40. f4 g6 41. Rf2 c5 42. fxe5 dxe5 43. Rf8 c4+ 44. bxc4 Rxa4 45. Ra8 Ra3+ 46.
Kd2 a4 47. Ra6+ Kf7 48. Ra7+ 1/2-1/2

[Event "C.to Provinciale BG"]
[Site "Bergamo ITA"]
[Date "2000.10.24"]
[Round "5"]
[White "Del Monte, Jorge Luis"]
[Black "Bassis, Ivano"]
[Result "1-0"]
[WhiteElo "1878"]
[BlackElo "1639"]
[PlyCount "37"]
[EventDate "2000.09.26"]

1. e4 d5 2. exd5 Qxd5 3. Nc3 Qa5 4. Nf3 Nf6 5. Be2 g6 6. O-O Bg7 7. d4 O-O 8.
h3 c6 9. Bg5 Be6 10. Qd2 Nbd7 11. Rad1 Nb6 12. Qc1 Rfe8 13. Rfe1 Nbd5 14. Nxd5
cxd5 15. Bd3 Bd7 16. c3 Qxa2 17. Ne5 e6 18. Bxf6 Ba4 19. Bxg7 1-0

[Event "C.to Provinciale BG"]
[Site "Bergamo ITA"]
[Date "2000.10.24"]
[Round "5"]
[White "Fiorona, Gianpietro"]
[Black "Mansueti, Marco"]
[Result "1/2-1/2"]
[WhiteElo "1585"]
[BlackElo "1506"]
[PlyCount "128"]
[EventDate "2000.09.26"]

1. d4 d6 2. e4 Nf6 3. Nc3 c6 4. Be3 g6 5. f3 Bg7 6. Qd2 O-O 7. g4 e5 8. O-O-O
Qc7 9. h4 h5 10. dxe5 dxe5 11. g5 Nfd7 12. Bh3 Nb6 13. Bxc8 Qxc8 14. Qe2 Na6
15. Nh3 Qe6 16. Nf2 Nc4 17. Nd3 Nxe3 18. Qxe3 b6 19. Kb1 Rfd8 20. Nf2 Bf8 21.
Qe2 Nc5 22. Rxd8 Rxd8 23. Rd1 Rxd1+ 24. Ncxd1 a5 25. Ne3 Bd6 26. Qd2 Bc7 27. c4
Qd6 28. Kc2 Qd4 29. Nfd1 Nb7 30. Qxd4 exd4 31. Ng2 Bg3 32. Kd3 c5 33. f4 Nd6
34. b3 Kf8 35. Nb2 Ke7 36. Na4 Nc8 37. Nb2 Ke6 38. Ke2 Nd6 39. Kf3 Bh2 40. Nd3
a4 41. Nb2 axb3 42. axb3 Nb7 43. Nd3 Na5 44. Nc1 f6 45. gxf6 Kxf6 46. Ne1 Bg1
47. Ng2 d3 48. Nxd3 Nxb3 49. Ke2 Bd4 50. Nge1 Na5 51. Nf3 Nxc4 52. Nxd4 cxd4
53. Nb4 Ke6 54. Kd3 Nd6 55. Kxd4 Nb7 56. Nd5 b5 57. Nc7+ Kf6 58. Nxb5 Nd8 59.
Nc7 Nc6+ 60. Kc5 Nd8 61. Ne8+ Ke7 62. Nd6 Ke6 63. e5 Ke7 64. Kd5 Ne6 1/2-1/2

[Event "C.to Provinciale BG"]
[Site "Bergamo ITA"]
[Date "2000.10.24"]
[Round "5"]
[White "Locatelli, Andrea"]
[Black "Rizzuti, Pasquale"]
[Result "1-0"]
[WhiteElo "1542"]
[BlackElo "1708"]
[PlyCount "82"]
[EventDate "2000.09.26"]

1. e4 c5 2. Nf3 e6 3. d4 cxd4 4. Nxd4 a6 5. c4 Nc6 6. Be3 Nf6 7. Nc3 Qc7 8. a3
d6 9. Be2 Be7 10. Rc1 Bd7 11. O-O O-O 12. f3 Rac8 13. Kh1 Rfd8 14. Qe1 Be8 15.
Qf2 Ne5 16. Nb3 Nfd7 17. Rfd1 Nc5 18. Nd4 Ncd7 19. b4 b6 20. Nb3 Qb7 21. Rd2
Rb8 22. b5 a5 23. Na4 Nc5 24. Nbxc5 dxc5 25. Rcd1 Rxd2 26. Rxd2 Rd8 27. Qe1
Rxd2 28. Qxd2 h6 29. Qd3 Nd7 30. f4 f6 31. Bg4 Bf7 32. Bf2 Qc7 33. Bg3 Bd6 34.
Bxe6 Bxe6 35. f5 Bxc4 36. Qxc4+ Kf8 37. Be1 Be5 38. Qd5 Bd4 39. Qa8+ Ke7 40.
Qg8 Ne5 41. Qe6+ Kd8 1-0

[Event "C.to Provinciale BG"]
[Site "Bergamo ITA"]
[Date "2000.10.24"]
[Round "5"]
[White "Longo, Pietro"]
[Black "Molteni, Costantino"]
[Result "0-1"]
[WhiteElo "1630"]
[BlackElo "1498"]
[PlyCount "120"]
[EventDate "2000.09.26"]

1. e4 Nf6 2. e5 Nd5 3. c4 Nb6 4. d4 d6 5. f4 dxe5 6. fxe5 Nc6 7. Be3 Bf5 8. Nc3
e6 9. Nf3 Be7 10. Bd3 Bxd3 11. Qxd3 Nb4 12. Qe2 c6 13. a3 Na6 14. O-O O-O 15.
Rad1 Nc7 16. Kh1 Qe8 17. Ne4 Rd8 18. Bg5 f6 19. exf6 gxf6 20. Bh6 Rf7 21. Nh4
f5 22. Bf4 Bxh4 23. Bxc7 Rxc7 24. Nc5 Re7 25. Rf4 Bg5 26. Rf3 Bf6 27. Re1 Rxd4
28. Nxe6 Rd6 29. Rg3+ Kh8 30. Qc2 Be5 31. Rd3 Nxc4 32. Qc1 Rdxe6 33. Qxc4 Bxb2
34. Rxe6 Rxe6 35. h4 Re1+ 36. Kh2 Qe5+ 37. Rg3 Rh1+ 38. Kxh1 Qxg3 39. Qb4 Bxa3
40. Qd4+ Kg8 41. Qd8+ Kf7 42. Qd7+ Be7 43. Qxf5+ Bf6 44. Qxh7+ Qg7 45. Qh5+ Qg6
46. Qf3 Qb1+ 47. Kh2 Ke6 48. Qg4+ Qf5 49. Qc4+ Kd6 50. Qb4+ c5 51. Qd2+ Kc6 52.
Qh6 Qe5+ 53. Kh3 Qe6+ 54. g4 Qb3+ 55. Kg2 Qc2+ 56. Kh3 Qd3+ 57. Kg2 Qe2+ 58.
Kh3 Qf3+ 59. Kh2 Qf2+ 60. Kh3 Qxh4+ 0-1